Llwytho...

Navakeralathinu Janakeeyasuthranam: Kottayam Jilla Pathathi v1/

Manylion Llyfryddiaeth
Fformat: Printed Book
Iaith:English
Cyhoeddwyd: Kottayam Jilla Asoothrana Samithi 2018
LEADER 00731nam a22001457a 4500
008 200323b xxu||||| |||| 00| 0 eng d
999 |c 193660  |d 193660 
041 |a MAL 
084 |2 cc  |a X:75.2125 
245 |a Navakeralathinu Janakeeyasuthranam: Kottayam Jilla Pathathi v1/ 
260 |a Kottayam  |b Jilla Asoothrana Samithi  |c 2018 
942 |c REF 
952 |0 0  |1 0  |4 0  |6 X_75_2125_000000000000000_32Q8_1  |7 0  |8 KR  |9 335128  |a LIB  |b LIB  |d 2020-03-23  |o X:75.2125 32Q8.1  |p G41361  |r 2020-03-23  |y REF 
952 |0 0  |1 0  |4 0  |6 X_75_2125_000000000000000_32Q8_2  |7 0  |8 KR  |9 335129  |a LIB  |b LIB  |d 2020-03-23  |o X:75.2125 32Q8.2  |p G41362  |r 2020-03-23  |y REF 
952 |0 0  |1 0  |4 0  |6 X_75_2125_000000000000000_32Q8_3  |7 0  |8 KR  |9 335130  |a LIB  |b LIB  |d 2020-03-23  |o X:75.2125 32Q8.3  |p G41363  |r 2020-03-23  |y REF